000 00418nam a2200181Ia 4500
008 230711s9999||||xx |||||||||||||| ||und||
020 _a978-93-5164-195-4
041 _aENG
082 _a610
_bTA-H
100 _aTatiya,A.U
245 0 _aHerbal Cosmeceuticals-I
250 _a3rd Ed.
260 _c2017
_aPune
_bNirali Prakashan
300 _a4.102p.
650 _aPharmacy
700 _aGokhale,S.B
942 _cBK
999 _c7313
_d7313